000
00289nam a2200121Ia 4500
008
211105s9999 xx 000 0 und d
020
_a
VYASA14916
100
_a
Atreya B. L.
245
4
_a
The Vision And The Way Of Vasistha
250
_a
2nd
260
_b
Samanta Books
_c
\N
300
_a
586p.
999
_c
8091
_d
8091